| 000 | 01052nam0a22002771 4500 | ||
|---|---|---|---|
| 001 | rc\4417856 | ||
| 005 | 20260406095647.0 | ||
| 021 |
_aRU _b[58-6920] |
||
| 035 | _a(NLR Aleph) 008568142 | ||
| 090 |
_a8508258 _c8508258 |
||
| 100 | _a20130416d1958 u y0rusy50 ca | ||
| 101 | 0 | _arus | |
| 102 | _aRU | ||
| 105 | _aa z ||||| | ||
| 200 | 1 |
_aОпределитель сортов картофеля для Московской области _fМоск. обл. упр. сельского хозяйства |
|
| 210 |
_aМосква _cБ. и. _d1958 |
||
| 215 |
_a72 с. _cил. _d21 |
||
| 300 | _aПеред загл. авт.: канд. с.-х. наук Н.Д. Зайцева | ||
| 606 |
_aКартофель _xСорта _yМосковская область _2psbo |
||
| 700 | 1 |
_7ca _8rus _aЗайцева _bН. Д. _cканд. с.-х. наук _gНадежда Дмитриевна _3RU\NLR\AUTH\770288066 _92690985 |
|
| 801 | 0 |
_aRU _bNLR _gpsbo |
|
| 801 | 1 |
_aRU _bELAR _2rusmarc |
|
| 852 |
_aNLR _j58-4/2628 |
||
| 942 | _cBOOK | ||
| 980 | _aNB | ||